MARC

LEADER 00000nam0a2200000 4500
001 355237
005 20231102010755.0
035 |a (RuTPU)RU\TPU\retro\12496 
035 |a RU\TPU\retro\12477 
090 |a 355237 
100 |a 20200703d1941 k y0rusy50 ca 
101 0 |a rus  |a eng 
102 |a RU 
105 |a a z 001zy 
200 1 |a Обогащение неметаллических полезных ископаемых  |f Всесоюзный научно-исследовательский институт минерального сырья (ВИМС) ; под ред. М. А. Эйгелес 
210 |a Москва  |c ГОНТИ НКТП  |d 1941 
215 |a 148 с.  |c ил., карты 
225 1 |a Труды Всесоюзного научно-исследовательского института минерального сырья  |v Вып. 155 
320 |9 572  |a Библиогр. в конце ст. 
606 1 |a Неметаллические полезные ископаемые  |x Месторождения  |x Использование комплексное  |2 stltpush  |3 (RuTPU)RU\TPU\subj\45360  |9 64608 
610 1 |a флотация 
610 1 |a плавиковый шпат 
610 1 |a бораты 
610 1 |a обогащение 
610 1 |a антофиллит-асбест 
610 1 |a алмазоносные породы 
610 1 |a литейные чугуны 
610 1 |a флотационные фабрики 
610 1 |a продукты обогащения 
675 |a 548.5  |v 4 
702 1 |a Эйгелес  |b М. А.  |4 340 
712 0 2 |a Всесоюзный научно-исследовательский институт минерального сырья (ВИМС)  |c (Москва)  |c (1935-1991)  |2 stltpush  |3 (RuTPU)RU\TPU\col\18352 
801 1 |a RU  |b 63413507  |c 20171121 
801 2 |a RU  |b 63413507  |c 20200703  |g RCR 
942 |c BK